| 000 | 00567cam a22002291 4500 | ||
|---|---|---|---|
| 001 | sa 65000315 | ||
| 003 | DLC | ||
| 005 | 20260227112102.0 | ||
| 008 | 940930s1963 ii 000 0 maro | ||
| 010 | _asa 65000315 | ||
| 025 | _aPL480:I-Mar-697 | ||
| 035 | _a(OCoLC)31205628 | ||
| 040 |
_aDLC _cCU _dCU _dDLC |
||
| 042 | _apremarc | ||
| 050 | 0 | 0 |
_aLB1025 _b.S667 |
| 100 | 1 | _aSohonī, Govinda Prabhākara. | |
| 245 | 1 | 0 | _aAdhyāpanapaddhatīcī mūlatattve. |
| 260 | _c[1963] | ||
| 300 |
_a8, 169 p. _c19 cm. |
||
| 500 | _aIn Marathi. | ||
| 650 | 0 | _aTeaching. | |
| 999 |
_c61498 _d61498 |
||